Ballons d'Or : Mort Subite (Edition 3) - Statistiques

Statistiques générales
  • Ce quiz a été pris 530 fois
  • Le résultat moyen est 7 sur 10
Answers on the Grid
Answers color-coded by a green-red scale on the quiz's grid according to % correct below.
Jay-Jay Okocha
Eric Cantona
Karim Benzema
Lionel Messi
Michael Ballack
Hristo Stoichkov
Andrei Shevchenko
Zlatan Ibrahimovic
Pavel Nedved
Michael Owen
Roberto Baggio
Marco Van Basten
Luis Suarez
Eden Hazard
Matthias Sammer
Michael Essien
Roberto Carlos
George Weah
Josip Skoblar
Pedro Miguel Pauleta
 
Statistiques - réponses
Réponse % Correct
Karim Benzema
85%
Lionel Messi
84%
George Weah
74%
Andrei Shevchenko
73%
Pavel Nedved
70%
Marco Van Basten
68%
Michael Owen
65%
Hristo Stoichkov
56%
Roberto Baggio
53%
Matthias Sammer
41%
Aucun quiz correspondant
Distribution des résultats
% des personnes avec chaque résultat
Percentile par nombre de réponses
Votre historique - résultats
Vous n’avez pas pris ce quiz